[Event "Titled Tuesday intern op 23rd Apr Late"]
[Site "Chess.com INT"]
[Date "2024.04.23"]
[Round "6"]
[White "Nakamura, Hikaru"]
[Black "Margvelashvili, Giorgi"]
[Result "1-0"]
[WhiteElo "2789"]
[BlackElo "2540"]
[PlyCount "65"]
[EventDate "2024.04.23"]
[EventType "swiss (blitz)"]
[EventRounds "11"]
[EventCountry "USA"]
[SourceTitle "CB18_2024"]
[SourceDate "2024.05.01"]
[SourceVersion "1"]
[SourceVersionDate "2024.05.01"]
[SourceQuality "2"]

1. h4 a5 2. c4 Nf6 3. Nc3 e5 4. g3 c6 5. d4 exd4 6. Qxd4 d5 7. Bg2 Na6 8. Bg5 Be7 9. cxd5 Nb4 10. 0-0-0 cxd5 11. a3 Nc6 12. Qf4 0-0 13. Nxd5 Nxd5 14. Bxd5 Qb6 15. Nf3 Be6 16. Bxe7 Nxe7 17. Bxe6 fxe6 18. Qd4 Qb5 19. Qd3 Qc5+ 20. Kb1 Qxf2 21. g4 Nd5 22. Ng5 g6 23. h5 Qf6 24. Ne4 Qe5 25. hxg6 hxg6 26. Rh6 Nf4 27. Qe3 Kg7 28. Rd7+ Kxh6 29. g5+ Kh5 30. Ng3+ Kg4 31. Qxe5 Kxg3 32. e3 Rf5 33. Qc7 1-0

[Event "Candidates Tournament"]
[Site "Toronto"]
[Date "2024.04.17"]
[Round "11.1"]
[White "Praggnanandhaa, Rameshbabu"]
[Black "Nakamura, Hikaru"]
[Result "0-1"]
[WhiteElo "2747"]
[BlackElo "2789"]
[PlyCount "108"]
[EventDate "2024.04.04"]
[EventType "tourn"]
[EventRounds "14"]
[EventCountry "CAN"]
[EventCategory "20"]
[SourceTitle "CB17_2024"]
[SourceDate "2024.04.24"]
[SourceVersion "1"]
[SourceVersionDate "2024.04.24"]
[SourceQuality "1"]

1. d4 d5 2. Nf3 Nf6 3. c4 c5 4. cxd5 cxd4 5. Qxd4 Qxd5 6. Nc3 Qxd4 7. Nxd4 a6 8. g3 e5 9. Nb3 Nc6 10. Bg2 a5 11. Nb5 Bb4+ 12. Bd2 Ke7 13. a3 Bxd2+ 14. Nxd2 a4 15. Nc4 Be6 16. Rc1 Ra6 17. 0-0 Rd8 18. Ne3 Ra5 19. Bxc6 bxc6 20. Nc3 Bb3 21. Nb1 Ra6 22. f4 e4 23. Kf2 Rb6 24. Nc3 g6 25. Rb1 Nd5 26. Rbc1 f5 27. g4 fxg4 28. Nxg4 Nxf4 29. Ke3 Nd5+ 30. Kxe4 Nxc3+ 31. bxc3 c5 32. Rf4 Bd5+ 33. Ke3 h5 34. c4 Ba8 35. Nh6 Re6+ 36. Kf2 Rf6 37. Kg3 Rh8 38. Rxf6 Kxf6 39. Rf1+ Kg7 40. Nf5+ gxf5 41. Rxf5 Rc8 42. Rxh5 Bb7 43. Kf4 Ba6 44. Ke5 Kg6 45. Rh4 Kg5 46. Rh3 Bxc4 47. Rg3+ Kh6 48. e4 Rc6 49. Kf5 Bf7 50. Ke5 c4 51. Kd4 Rd6+ 52. Kc5 Rd3 53. Kb4 Rb3+ 54. Kxa4 Rxg3 0-1

[Event "Titled Tuesday intern op 16th Apr Late"]
[Site "Chess.com INT"]
[Date "2024.04.16"]
[Round "2"]
[White "Jaramillo Lopez, Ali Aaron"]
[Black "Nakamura, Hikaru"]
[Result "0-1"]
[WhiteElo "2250"]
[BlackElo "2789"]
[PlyCount "112"]
[EventDate "2024.04.16"]
[EventType "swiss (blitz)"]
[EventRounds "11"]
[EventCountry "USA"]
[SourceTitle "CB17_2024"]
[SourceDate "2024.04.24"]
[SourceVersion "1"]
[SourceVersionDate "2024.04.24"]
[SourceQuality "1"]

1. c4 a6 2. e3 e6 3. Nc3 d5 4. Nf3 dxc4 5. Bxc4 b5 6. Bb3 c5 7. d4 Nf6 8. 0-0 Nbd7 9. a3 Bb7 10. Qe2 Bd6 11. Rd1 0-0 12. dxc5 Nxc5 13. Bc2 Qc7 14. h3 Rac8 15. Bd2 Qe7 16. Rac1 Bb8 17. b4 Ncd7 18. Bb3 Nb6 19. Nb1 Bd5 20. Bxd5 exd5 21. Rxc8 Rxc8 22. Bc3 Ne4 23. Ba1 Qd6 24. Nbd2 Qc7 25. Nb3 f6 26. g3 Qc4 27. Nbd4 Qxe2 28. Nxe2 Rc2 29. Nfd4 Ra2 30. Nc3 Nxf2 31. Nxa2 Nxd1 32. Nf5 g6 33. Ne7+ Kf7 34. Nc6 Bxg3 35. Kg2 Bd6 36. Kf3 Nc4 37. Ke2 Ndxe3 38. Bd4 Nc2 39. Nc3 Nxd4+ 40. Nxd4 Be5 41. Ndxb5 axb5 42. Nxb5 Nd6 43. Nc7 Nc4 44. Nb5 Ke7 45. a4 Kd7 46. a5 Nd6 47. Na3 Kc6 48. Kd3 Nb5 49. Nc2 h5 50. Ne3 f5 51. Ng2 g5 52. Ne3 Nd6 53. a6 d4 54. b5+ Nxb5 55. Nxf5 Kb6 56. Ke4 Nd6+ 0-1

[Event "Titled Tuesday intern op 16th Apr Late"]
[Site "Chess.com INT"]
[Date "2024.04.16"]
[Round "1"]
[White "Nakamura, Hikaru"]
[Black "Potapova, Margarita"]
[Result "1-0"]
[WhiteElo "2789"]
[BlackElo "2112"]
[PlyCount "85"]
[EventDate "2024.04.16"]
[EventType "swiss (blitz)"]
[EventRounds "11"]
[EventCountry "USA"]
[SourceTitle "CB17_2024"]
[SourceDate "2024.04.24"]
[SourceVersion "1"]
[SourceVersionDate "2024.04.24"]
[SourceQuality "1"]

1. d4 Nf6 2. Bg5 Ne4 3. Bf4 c5 4. f3 Qa5+ 5. c3 Nf6 6. d5 e6 7. e4 exd5 8. e5 Nh5 9. Bc1 Qd8 10. g3 d4 11. f4 g6 12. cxd4 cxd4 13. Nf3 Nc6 14. Nxd4 d6 15. Nxc6 bxc6 16. Bg2 d5 17. Be3 Bb4+ 18. Nc3 Ng7 19. 0-0 Nf5 20. Bf2 0-0 21. a3 Ba5 22. Qa4 Bd7 23. Qc2 Bb6 24. Qd2 Rb8 25. Na4 Bxf2+ 26. Rxf2 Qe7 27. Rc1 Rb5 28. Bf1 Rbb8 29. Nc5 Bc8 30. b4 f6 31. e6 Ng7 32. Re1 Re8 33. Rfe2 a5 34. Qc3 axb4 35. axb4 Ra8 36. g4 f5 37. g5 Nh5 38. Qd4 Ba6 39. Re3 Bxf1 40. Nd7 Bc4 41. Nf6+ Kf8 42. Nxh5 Kg8 43. Nf6+ 1-0

[Event "Titled Tuesday intern op 16th Apr Late"]
[Site "Chess.com INT"]
[Date "2024.04.16"]
[Round "11"]
[White "Shankland, Samuel L"]
[Black "Nakamura, Hikaru"]
[Result "0-1"]
[WhiteElo "2671"]
[BlackElo "2789"]
[PlyCount "56"]
[EventDate "2024.04.16"]
[EventType "swiss (blitz)"]
[EventRounds "11"]
[EventCountry "USA"]
[SourceTitle "CB17_2024"]
[SourceDate "2024.04.24"]
[SourceVersion "1"]
[SourceVersionDate "2024.04.24"]
[SourceQuality "1"]

1. d4 d5 2. c4 c6 3. Nf3 Nf6 4. Nc3 a6 5. cxd5 cxd5 6. Bf4 Nc6 7. e3 Bf5 8. Be2 e6 9. Qb3 Bb4 10. 0-0 0-0 11. Ne5 Bxc3 12. Nxc6 bxc6 13. Qxc3 Qb6 14. Rfc1 Rfc8 15. Qa3 h6 16. Rc3 Ne4 17. Rb3 Qa7 18. Rc1 a5 19. f3 Nd2 20. Rbc3 Nb1 21. Rxb1 Bxb1 22. Qa4 Bg6 23. b3 c5 24. Be5 f6 25. Bd6 cxd4 26. Rxc8+ Rxc8 27. exd4 Be8 28. Bc5 Qxc5 0-1

[Event "Candidates Tournament"]
[Site "Toronto"]
[Date "2024.04.15"]
[Round "10"]
[White "Nakamura, Hikaru"]
[Black "Abasov, Nijat Azad"]
[Result "1-0"]
[WhiteElo "2789"]
[BlackElo "2632"]
[PlyCount "115"]
[EventDate "2024.04.04"]
[EventType "tourn"]
[EventRounds "14"]
[EventCountry "CAN"]
[EventCategory "20"]
[SourceTitle "CB17_2024"]
[SourceDate "2024.04.24"]
[SourceVersion "1"]
[SourceVersionDate "2024.04.24"]
[SourceQuality "1"]

1. e4 e5 2. Nf3 Nf6 3. Nxe5 d6 4. Nf3 Nxe4 5. d3 Nf6 6. d4 d5 7. Bd3 c5 8. c3 c4 9. Bc2 Bd6 10. 0-0 0-0 11. h3 Nc6 12. Bg5 h6 13. Bh4 b5 14. Re1 a5 15. Ne5 Ra6 16. Nd2 Bc7 17. Qf3 Ne7 18. b3 a4 19. bxa4 bxa4 20. Nf1 a3 21. Rab1 Re6 22. Ng4 Nxg4 23. hxg4 Qe8 24. Bg3 Ba5 25. Rxe6 Bxe6 26. Rb7 Nc8 27. Bf4 Qc6 28. Rb8 Ne7 29. Rb1 Qd7 30. g5 Bg4 31. Qg3 h5 32. Qe3 Ng6 33. Bh2 Re8 34. Qd2 Re2 35. Rb8+ Kh7 36. Qc1 Qe7 37. Be5 Qe6 38. Ng3 Rxe5 39. dxe5 Qxe5 40. Rb5 Bxc3 41. Qe3 Qxe3 42. fxe3 d4 43. exd4 Bxd4+ 44. Kf1 h4 45. Ne2 Be3 46. Ra5 Kg8 47. Rxa3 Bxg5 48. Ra8+ Nf8 49. a4 f5 50. Nd4 h3 51. gxh3 Bxh3+ 52. Kf2 Bh4+ 53. Kf3 Bg4+ 54. Kg2 f4 55. Bf5 f3+ 56. Kf1 Bxf5 57. Nxf5 Bg5 58. a5 1-0

[Event "Candidates Tournament"]
[Site "Toronto"]
[Date "2024.04.14"]
[Round "9"]
[White "Vidit, Santosh Gujrathi"]
[Black "Nakamura, Hikaru"]
[Result "1-0"]
[WhiteElo "2727"]
[BlackElo "2789"]
[PlyCount "71"]
[EventDate "2024.04.04"]
[EventType "tourn"]
[EventRounds "14"]
[EventCountry "CAN"]
[EventCategory "20"]
[SourceTitle "CB17_2024"]
[SourceDate "2024.04.24"]
[SourceVersion "1"]
[SourceVersionDate "2024.04.24"]
[SourceQuality "1"]

1. e4 e5 2. Nf3 Nc6 3. Bc4 Nf6 4. d3 h6 5. c3 d6 6. 0-0 g5 7. Nbd2 Bg7 8. Bb3 a5 9. a4 0-0 10. Nc4 Be6 11. Re1 Re8 12. h3 Qd7 13. Bd2 Rad8 14. Qc2 b6 15. Ba2 Nh5 16. Ne3 Bxa2 17. Rxa2 Ne7 18. d4 exd4 19. cxd4 d5 20. e5 Rc8 21. Ra3 c5 22. dxc5 Rxc5 23. Qd1 Nf4 24. b4 Rcc8 25. bxa5 bxa5 26. Bxa5 Nc6 27. Bc3 Nxe5 28. Bxe5 Bxe5 29. Nxd5 Nxd5 30. Nxe5 Qe6 31. Rd3 Nf4 32. Rd6 Qa2 33. Rxh6 Qb2 34. Qd7 Qb3 35. Qf5 Ng6 36. Rxg6+ 1-0

[Event "Candidates Tournament"]
[Site "Toronto"]
[Date "2024.04.13"]
[Round "8"]
[White "Nakamura, Hikaru"]
[Black "Caruana, Fabiano"]
[Result "1-0"]
[WhiteElo "2789"]
[BlackElo "2803"]
[PlyCount "69"]
[EventDate "2024.04.04"]
[EventType "tourn"]
[EventRounds "14"]
[EventCountry "CAN"]
[EventCategory "20"]
[SourceTitle "CB17_2024"]
[SourceDate "2024.04.24"]
[SourceVersion "1"]
[SourceVersionDate "2024.04.24"]
[SourceQuality "1"]

1. e4 e5 2. Nf3 Nc6 3. Bb5 a6 4. Ba4 Nf6 5. d3 Bc5 6. 0-0 d6 7. c3 0-0 8. Re1 Ne7 9. Nbd2 Ng6 10. Nf1 d5 11. exd5 Nxd5 12. Bb3 c6 13. d4 exd4 14. Nxd4 Nf6 15. h3 Bxd4 16. cxd4 Nd5 17. Bc2 Be6 18. Ng3 Ndf4 19. Re4 Nd5 20. a3 Re8 21. Bd2 Nf6 22. Bg5 h6 23. Bxf6 Qxf6 24. Qd2 Qg5 25. Re3 Nf4 26. h4 Qd5 27. Re4 Ng6 28. Rae1 Nf8 29. Re5 Qd8 30. h5 Bd7 31. Rxe8 Bxe8 32. Nf5 Qf6 33. Qb4 b5 34. Ne7+ Kh8 35. Nd5 1-0

[Event "Candidates Tournament"]
[Site "Toronto"]
[Date "2024.04.11"]
[Round "7"]
[White "Nakamura, Hikaru"]
[Black "Nepomniachtchi, Ian"]
[Result "1/2-1/2"]
[WhiteElo "2789"]
[BlackElo "2758"]
[PlyCount "80"]
[EventDate "2024.04.04"]
[EventType "tourn"]
[EventRounds "14"]
[EventCountry "CAN"]
[EventCategory "20"]
[SourceTitle "CB17_2024"]
[SourceDate "2024.04.24"]
[SourceVersion "1"]
[SourceVersionDate "2024.04.24"]
[SourceQuality "1"]

1. e4 e5 2. Nf3 Nf6 3. Nxe5 d6 4. Nf3 Nxe4 5. d4 d5 6. Bd3 Bd6 7. 0-0 0-0 8. c4 c6 9. Re1 Bf5 10. Qb3 Qd7 11. c5 Bc7 12. g3 a5 13. Nbd2 Be6 14. Qxb7 Nxf2 15. Bxh7+ Kxh7 16. Qxa8 Nh3+ 17. Kg2 Bg4 18. Qb7 Re8 19. Qb3 Rxe1 20. Nxe1 Qe6 21. Qd3+ Bf5 22. Qf1 Nd7 23. Nef3 Nf6 24. Ng1 Kg8 25. Qe2 Ne4 26. a4 Bxg3 27. hxg3 Nf4+ 28. gxf4 Qg6+ 29. Kf1 Ng3+ 30. Ke1 Nxe2 31. Nxe2 Bg4 32. Ra3 Bxe2 33. Kxe2 Qg1 34. Nb3 Qg2+ 35. Kd1 Qf3+ 36. Kc2 Qe4+ 37. Kc3 Qf3+ 38. Kc2 Qe4+ 39. Kc3 Qf3+ 40. Kc2 Qe4+ 1/2-1/2

[Event "Candidates Tournament"]
[Site "Toronto"]
[Date "2024.04.05"]
[Round "2"]
[White "Nakamura, Hikaru"]
[Black "Vidit, Santosh Gujrathi"]
[Result "0-1"]
[WhiteElo "2789"]
[BlackElo "2727"]
[PlyCount "58"]
[EventDate "2024.04.04"]
[EventType "tourn"]
[EventRounds "14"]
[EventCountry "CAN"]
[EventCategory "20"]
[SourceTitle "CB17_2024"]
[SourceDate "2024.04.24"]
[SourceVersion "1"]
[SourceVersionDate "2024.04.24"]
[SourceQuality "1"]

1. e4 e5 2. Nf3 Nc6 3. Bb5 Nf6 4. d3 Bc5 5. c3 0-0 6. 0-0 d6 7. h3 Ne7 8. d4 c6 9. Bd3 Bb6 10. dxe5 dxe5 11. Nxe5 Bxh3 12. Nc4 Bg4 13. Qc2 Bc7 14. e5 Nd7 15. Bxh7+ Kh8 16. Bd3 b5 17. Ne3 Nxe5 18. Be2 f5 19. f4 Bb6 20. Kf2 Nd5 21. Rh1+ Kg8 22. fxe5 Qg5 23. Ke1 Bxe3 24. Bxg4 Qxg4 25. Bxe3 Nxe3 26. Qe2 Qg3+ 27. Kd2 Rad8+ 28. Kc1 Qg5 29. b3 Nf1+ 0-1

[Event "Candidates Tournament"]
[Site "Toronto"]
[Date "2024.04.04"]
[Round "1"]
[White "Caruana, Fabiano"]
[Black "Nakamura, Hikaru"]
[Result "1/2-1/2"]
[WhiteElo "2803"]
[BlackElo "2789"]
[PlyCount "82"]
[EventDate "2024.04.04"]
[EventType "tourn"]
[EventRounds "14"]
[EventCountry "CAN"]
[EventCategory "20"]
[SourceTitle "CB17_2024"]
[SourceDate "2024.04.24"]
[SourceVersion "1"]
[SourceVersionDate "2024.04.24"]
[SourceQuality "1"]

1. e4 c5 2. Nf3 d6 3. d4 cxd4 4. Nxd4 Nf6 5. Nc3 e5 6. Bb5+ Nbd7 7. Nf5 a6 8. Ba4 b5 9. Bb3 Nc5 10. Bg5 Bxf5 11. exf5 Be7 12. Bxf6 Bxf6 13. 0-0 e4 14. Nxe4 Nxe4 15. Re1 0-0 16. Rxe4 Bxb2 17. Rb1 Bf6 18. Qd5 Rc8 19. Qb7 Rc5 20. Qxa6 Rxf5 21. Rd1 d5 22. Rb4 Bc3 23. Rxb5 Rxf2 24. Rbxd5 Qh4 25. Qd3 Rf6 26. g3 Qb4 27. Kg2 Bb2 28. Rf5 g6 29. Rxf6 Bxf6 30. Qf3 Qe7 31. a4 Kg7 32. a5 Ra8 33. Rd5 Ra7 34. Rb5 Qd8 35. Rd5 Qc7 36. h4 Rxa5 37. Rxa5 Qxa5 38. Qb7 Qd8 39. Qxf7+ Kh6 40. Kh3 Qe7 41. Qc4 Qe3 1/2-1/2

[Event "Titled Tuesday intern op 02nd Apr Early"]
[Site "Chess.com INT"]
[Date "2024.04.02"]
[Round "9"]
[White "Nakamura, Hikaru"]
[Black "Duda, Jan Krzysztof"]
[Result "1-0"]
[WhiteElo "2789"]
[BlackElo "2731"]
[PlyCount "77"]
[EventDate "2024.04.02"]
[EventType "swiss (blitz)"]
[EventRounds "11"]
[EventCountry "USA"]
[SourceTitle "CB15_2024"]
[SourceDate "2024.04.10"]
[SourceVersion "1"]
[SourceVersionDate "2024.04.10"]
[SourceQuality "1"]

1. d4 Nf6 2. Bg5 c5 3. d5 d6 4. c4 h6 5. Bf4 e5 6. Bc1 Ne4 7. h4 Be7 8. g3 f5 9. Bg2 Nd7 10. Nf3 Ndf6 11. Nbd2 Nxf2 12. Kxf2 Ng4+ 13. Kg1 b5 14. cxb5 e4 15. Nh2 Ne3 16. Qb3 Nxg2 17. Kxg2 0-0 18. Nc4 Bb7 19. Rd1 Qd7 20. Na5 Rae8 21. h5 Bc8 22. Bf4 Bg5 23. Rh1 Bxf4 24. gxf4 e3 25. Raf1 Re4 26. Nc6 Rfe8 27. Rf3 Qf7 28. Nf1 a6 29. Ng3 axb5 30. Nxe4 fxe4 31. Rg3 b4 32. f5 Bxf5 33. Qxe3 Kh7 34. Na5 Qxd5 35. b3 Qe6 36. Qf4 e3 37. Rg1 Re7 38. Kh2 d5 39. Nc6 1-0

[Event "Titled Tuesday intern op 02nd Apr Early"]
[Site "Chess.com INT"]
[Date "2024.04.02"]
[Round "4"]
[White "Nakamura, Hikaru"]
[Black "Eljanov, Pavel"]
[Result "1-0"]
[WhiteElo "2789"]
[BlackElo "2706"]
[PlyCount "75"]
[EventDate "2024.04.02"]
[EventType "swiss (blitz)"]
[EventRounds "11"]
[EventCountry "USA"]
[SourceTitle "CB15_2024"]
[SourceDate "2024.04.10"]
[SourceVersion "1"]
[SourceVersionDate "2024.04.10"]
[SourceQuality "1"]

1. d4 Nf6 2. Bg5 d5 3. e3 c6 4. Bd3 Qb6 5. Qc1 Bg4 6. Nd2 e6 7. h3 Bh5 8. Ngf3 Nbd7 9. c4 Bg6 10. Bxg6 hxg6 11. Qc2 Be7 12. 0-0 0-0 13. c5 Qd8 14. b4 Nh5 15. Bxe7 Qxe7 16. Ne5 g5 17. Rab1 a6 18. a4 Nhf6 19. Nxd7 Nxd7 20. b5 axb5 21. axb5 e5 22. bxc6 bxc6 23. Rb7 Qe6 24. Nf3 e4 25. Nxg5 Qf5 26. Nf3 Ra6 27. Rfb1 Rfa8 28. Nh2 Nf6 29. Nf1 Ra2 30. R7b2 Rxb2 31. Rxb2 Qd7 32. Qb1 Qa7 33. Rb7 Qa1 34. Qxa1 Rxa1 35. g4 g6 36. Kg2 Nh7 37. Rb6 Ng5 38. Nh2 1-0

[Event "Titled Tuesday intern op 02nd Apr Late"]
[Site "Chess.com INT"]
[Date "2024.04.02"]
[Round "10"]
[White "Nakamura, Hikaru"]
[Black "Ibarra Jerez, Jose Carlos"]
[Result "1-0"]
[WhiteElo "2789"]
[BlackElo "2559"]
[PlyCount "37"]
[EventDate "2024.04.02"]
[EventType "swiss (blitz)"]
[EventRounds "11"]
[EventCountry "USA"]
[SourceTitle "CB15_2024"]
[SourceDate "2024.04.10"]
[SourceVersion "1"]
[SourceVersionDate "2024.04.10"]
[SourceQuality "1"]

1. d4 Nf6 2. Bg5 d5 3. e3 c5 4. Bxf6 gxf6 5. dxc5 e6 6. a3 Bxc5 7. b4 Be7 8. Nd2 a5 9. c3 f5 10. Ne2 Bf6 11. Rc1 axb4 12. axb4 Nc6 13. Nd4 0-0 14. Bd3 Kh8 15. 0-0 Rg8 16. f4 Bd7 17. N2f3 Qc7 18. Qd2 Ra3 19. Nb5 1-0

[Event "Titled Tuesday intern op 02nd Apr Early"]
[Site "Chess.com INT"]
[Date "2024.04.02"]
[Round "2"]
[White "Nakamura, Hikaru"]
[Black "Nevednichy, Vladislav"]
[Result "1-0"]
[WhiteElo "2789"]
[BlackElo "2457"]
[PlyCount "79"]
[EventDate "2024.04.02"]
[EventType "swiss (blitz)"]
[EventRounds "11"]
[EventCountry "USA"]
[SourceTitle "CB15_2024"]
[SourceDate "2024.04.10"]
[SourceVersion "1"]
[SourceVersionDate "2024.04.10"]
[SourceQuality "1"]

1. Nf3 g6 2. e4 Bg7 3. d4 d6 4. Bc4 c6 5. Qe2 e6 6. e5 d5 7. Bb3 Ne7 8. h4 h6 9. c3 b6 10. Bc2 Ba6 11. Bd3 Qc8 12. b3 Bxd3 13. Qxd3 Qa6 14. c4 Nd7 15. Nc3 Rd8 16. a4 dxc4 17. Qe2 Nd5 18. Bd2 Nb4 19. 0-0 cxb3 20. Nb5 cxb5 21. axb5 Qb7 22. Bxb4 Bf8 23. Bxf8 Kxf8 24. Rfb1 Kg7 25. Rxb3 Ra8 26. Rba3 Rhc8 27. h5 g5 28. Qe3 Kh7 29. Nh2 Qd5 30. Ng4 Kg7 31. f4 f5 32. exf6+ Nxf6 33. Rxa7+ Rxa7 34. Rxa7+ Nd7 35. Qe5+ Qxe5 36. Rxd7+ Kf8 37. fxe5 Rc1+ 38. Kh2 Rh1+ 39. Kxh1 Ke8 40. Nf6+ 1-0

[Event "Titled Tuesday intern op 02nd Apr Late"]
[Site "Chess.com INT"]
[Date "2024.04.02"]
[Round "9"]
[White "Nakamura, Hikaru"]
[Black "Tari, Aryan"]
[Result "1-0"]
[WhiteElo "2789"]
[BlackElo "2634"]
[PlyCount "71"]
[EventDate "2024.04.02"]
[EventType "swiss (blitz)"]
[EventRounds "11"]
[EventCountry "USA"]
[SourceTitle "CB15_2024"]
[SourceDate "2024.04.10"]
[SourceVersion "1"]
[SourceVersionDate "2024.04.10"]
[SourceQuality "1"]

1. d4 d5 2. Bg5 f6 3. Bf4 c5 4. e3 Nc6 5. Nf3 g5 6. Bg3 h5 7. h3 h4 8. Bh2 cxd4 9. exd4 Bf5 10. Bd3 Qd7 11. Nc3 Nh6 12. 0-0 e6 13. Nb5 Rc8 14. c4 Bxd3 15. Qxd3 Kf7 16. b3 Nf5 17. Rad1 Bb4 18. a3 Ba5 19. c5 a6 20. Nd6+ Nxd6 21. Bxd6 Bc7 22. Bxc7 Qxc7 23. Rfe1 Qf4 24. Nh2 Rce8 25. b4 Ne7 26. Ng4 Nf5 27. a4 Nh6 28. Nxh6+ Rxh6 29. b5 axb5 30. axb5 g4 31. c6 bxc6 32. bxc6 Rg6 33. Rb1 Re7 34. Rb7 g3 35. f3 Rg8 36. Qh7+ 1-0

[Event "Titled Tuesday intern op 12th Mar Late"]
[Site "Chess.com INT"]
[Date "2024.03.12"]
[Round "4"]
[White "Drygalov, Andrey"]
[Black "Nakamura, Hikaru"]
[Result "1/2-1/2"]
[WhiteElo "2475"]
[BlackElo "2789"]
[PlyCount "88"]
[EventDate "2024.03.12"]
[EventType "swiss (blitz)"]
[EventRounds "11"]
[EventCountry "USA"]
[SourceTitle "CB12_2024"]
[SourceDate "2023.10.01"]
[SourceVersion "1"]
[SourceVersionDate "2023.10.01"]
[SourceQuality "1"]

1. e4 d5 2. exd5 Qxd5 3. Nc3 Qa5 4. d4 c6 5. Nf3 Bf5 6. Bc4 e6 7. Bd2 Nd7 8. 0-0 Ngf6 9. d5 cxd5 10. Nxd5 Qc5 11. Nxf6+ gxf6 12. Qe2 Bg4 13. Bb5 Qd5 14. Bf4 Bxf3 15. gxf3 a6 16. Ba4 b5 17. Bb3 Qf5 18. Qe4 Qxe4 19. fxe4 Rg8+ 20. Kh1 Nc5 21. f3 Kd7 22. a4 Be7 23. Rfd1+ Kc6 24. Be3 Nxb3 25. cxb3 Rgd8 26. Rac1+ Kb7 27. Kg2 Rg8+ 28. Kf2 Rad8 29. Rxd8 Bxd8 30. axb5 axb5 31. Rc5 b4 32. Rb5+ Kc6 33. Rxb4 Bc7 34. Rc4+ Kd7 35. f4 Bd6 36. b4 Rb8 37. Bd2 f5 38. e5 Be7 39. Bc3 Rg8 40. Kf3 h5 41. Bd4 Rb8 42. Bc3 Rg8 43. Bd4 Rb8 44. Bc3 Rg8 1/2-1/2

[Event "Titled Tuesday intern op 12th Mar Late"]
[Site "Chess.com INT"]
[Date "2024.03.12"]
[Round "2"]
[White "Seemann, Jakub"]
[Black "Nakamura, Hikaru"]
[Result "0-1"]
[WhiteElo "2451"]
[BlackElo "2789"]
[PlyCount "108"]
[EventDate "2024.03.12"]
[EventType "swiss (blitz)"]
[EventRounds "11"]
[EventCountry "USA"]
[SourceTitle "CB12_2024"]
[SourceDate "2023.10.01"]
[SourceVersion "1"]
[SourceVersionDate "2023.10.01"]
[SourceQuality "1"]

1. c4 g6 2. Nc3 Bg7 3. d4 d6 4. e4 Nc6 5. Nf3 Bg4 6. Be3 e5 7. d5 Nce7 8. Be2 Bxf3 9. Bxf3 f5 10. h4 Bh6 11. Bxh6 Nxh6 12. h5 g5 13. exf5 Nexf5 14. Ne4 Nd4 15. Bg4 0-0 16. Be6+ Kh8 17. Qd2 Rf4 18. f3 g4 19. 0-0-0 gxf3 20. gxf3 Nxf3 21. Qe3 Ng5 22. Nxg5 Qxg5 23. Kb1 Nf5 24. Qb3 b6 25. Rhg1 Qf6 26. h6 Nxh6 27. Rh1 Nf7 28. Bxf7 Qxf7 29. Ka1 Rf8 30. Qh3 Rxc4 31. Rdg1 Rf4 32. a3 Rf6 33. Qh4 Rg6 34. Rf1 Qxf1+ 35. Rxf1 Rxf1+ 36. Ka2 Rf7 37. Qd8+ Kg7 38. Qb8 a5 39. Qd8 h6 40. Qh4 Rg5 41. Kb3 Re7 42. Ka2 e4 43. Qe1 e3 44. Kb3 e2 45. Kc4 Kg8 46. Kd4 Kf8 47. Kc4 Ke8 48. b3 Kd8 49. b4 a4 50. Kb5 Kc8 51. Kc6 Kb8 52. b5 Re4 53. Qf2 e1Q 54. Qf8+ Re8 0-1

[Event "Titled Tuesday intern op 12th Mar Early"]
[Site "Chess.com INT"]
[Date "2024.03.12"]
[Round "4"]
[White "Shimanov, Aleksandr"]
[Black "Nakamura, Hikaru"]
[Result "0-1"]
[WhiteElo "2578"]
[BlackElo "2789"]
[PlyCount "168"]
[EventDate "2024.03.12"]
[EventType "swiss (blitz)"]
[EventRounds "11"]
[EventCountry "USA"]
[SourceTitle "CB12_2024"]
[SourceDate "2023.10.01"]
[SourceVersion "1"]
[SourceVersionDate "2023.10.01"]
[SourceQuality "1"]

1. e4 e6 2. d4 d5 3. Nc3 Nf6 4. e5 Nfd7 5. f4 c5 6. Nf3 Nc6 7. Be3 Rb8 8. a3 a6 9. Qd2 b5 10. Bd3 b4 11. axb4 c4 12. Be2 Bxb4 13. 0-0 f5 14. Qc1 0-0 15. Nd1 Be7 16. Nf2 Qb6 17. Ra2 a5 18. c3 Ba6 19. Qd2 Bb5 20. Rfa1 a4 21. Bd1 Na5 22. Qe1 Nb3 23. Rb1 Qd8 24. Bc2 Nb6 25. h3 Be8 26. Kh2 Bh5 27. Qe2 Qe8 28. Rg1 a3 29. bxa3 Na4 30. Nd1 Bd8 31. Bf2 Nc1 32. Bxa4 Qxa4 33. Qc2 Qxc2 34. Rxc2 Nd3 35. Be3 Bxf3 36. gxf3 Be7 37. Nf2 Nxf2 38. Bxf2 Bxa3 39. Ra1 Rb3 40. Be1 Rfb8 41. Kg2 Kf7 42. Kf1 Kg6 43. Ke2 Kh5 44. Raa2 h6 45. Ra1 g5 46. fxg5 hxg5 47. Raa2 f4 48. Ra1 Kg6 49. Kf1 Kf5 50. Raa2 R8b7 51. Kg2 Kg6 52. Bd2 Kf5 53. Kf2 R7b6 54. Kg2 Rb7 55. Kf2 Be7 56. Kg2 Rb1 57. Rc1 R7b2 58. Rc2 Rxc2 59. Rxc2 Ba3 60. Kf2 Bb2 61. Be1 Bc1 62. Ke2 Be3 63. Ra2 Rc1 64. Ra7 Rc2+ 65. Kf1 Rh2 66. Rf7+ Kg6 67. Rf6+ Kh5 68. Rxe6 Rh1+ 69. Ke2 Rxh3 70. Re8 Kg6 71. Rf8 Rh2+ 72. Kd1 Ra2 73. Rf6+ Kh5 74. e6 Ra7 75. Rf7 Ra6 76. e7 Re6 77. Rg7 Kh6 78. Rg8 Rxe7 79. Rd8 g4 80. fxg4 f3 81. Rf8 Kg5 82. Rxf3 Kxg4 83. Rf8 Ra7 84. Ke2 Bg5 0-1

[Event "Titled Tuesday intern op 27th Feb Late"]
[Site "Chess.com INT"]
[Date "2024.02.27"]
[Round "3"]
[White "Haydon, David Leslie"]
[Black "Nakamura, Hikaru"]
[Result "0-1"]
[WhiteElo "2230"]
[BlackElo "2788"]
[PlyCount "182"]
[EventDate "2024.02.27"]
[EventType "swiss (blitz)"]
[EventRounds "11"]
[EventCountry "USA"]
[SourceTitle "CB10_2024"]
[SourceDate "2024.03.06"]
[SourceVersion "1"]
[SourceVersionDate "2024.03.06"]
[SourceQuality "1"]

1. d4 g6 2. Nf3 Bg7 3. g3 d6 4. Bg2 Bd7 5. 0-0 Qc8 6. c4 Bh3 7. Ng5 Bxg2 8. Kxg2 Nc6 9. Nf3 e5 10. d5 Nce7 11. Nc3 h6 12. h4 f5 13. e3 Nf6 14. Qc2 c5 15. dxc6 Qxc6 16. Qa4 Qxa4 17. Nxa4 Nc6 18. Rd1 Ke7 19. Nc3 e4 20. Nd4 Rac8 21. b3 Nxd4 22. exd4 d5 23. c5 Ke6 24. b4 Nd7 25. Ne2 Kf7 26. Be3 Rhd8 27. Rac1 Nf8 28. b5 Ne6 29. a4 g5 30. hxg5 hxg5 31. f3 Kg6 32. fxe4 fxe4 33. Rf1 Rc7 34. a5 Rdc8 35. b6 axb6 36. axb6 Rd7 37. Rc2 Nd8 38. Ra2 Nc6 39. Rfa1 Rf8 40. Rf1 Rxf1 41. Kxf1 Rf7+ 42. Ke1 Kf5 43. Ra8 Rf8 44. Rxf8+ Bxf8 45. Nc3 Ke6 46. Nb5 Kf5 47. Nc3 Nb4 48. Ke2 Be7 49. Bd2 Nc6 50. Be3 Ke6 51. Nb5 Bd8 52. Kf2 Kd7 53. Nd6 Bxb6 54. Nxb7 Bc7 55. Bxg5 Nxd4 56. Bf4 Bxf4 57. gxf4 Kc6 58. Nd8+ Kxc5 59. f5 Nxf5 60. Ne6+ Kd6 61. Nf4 d4 62. Ke2 Ne7 63. Nh5 Ke5 64. Ng3 Nd5 65. Kf2 d3 66. Nf1 Kf4 67. Ke1 e3 68. Nxe3 Kxe3 69. Kd1 d2 70. Kc2 Ke2 71. Kb3 d1Q+ 72. Kc4 Nc3 73. Kc5 Qd7 74. Kb4 Qc6 75. Ka3 Qa4+ 76. Kb2 Kd1 77. Kxc3 Ke2 78. Kb2 Kd3 79. Kc1 Qa2 80. Kd1 Qb2 81. Ke1 Qc2 82. Kf1 Qd2 83. Kg1 Qe2 84. Kh1 Ke3 85. Kg1 Kf3 86. Kh1 Kg3 87. Kg1 Qd3 88. Kh1 Qc4 89. Kg1 Qa6 90. Kh1 Qa2 91. Kg1 Qa1# 0-1